000 00495pab a2200157 454500
008 180718b1998 xxu||||| |||| 00| 0 eng d
100 _aTaori (Vidyarthi), Kamal
245 _aImperative of integrating technologies for sustainable rural development with thrust towards unorganised rural sector
260 _c1998
300 _ap.247-53
362 _aApr-Jun
650 _aRural development - India
650 _aRural development
773 _aJournal of Rural Development
909 _a39061
999 _c39061
_d39061